Most Popular Haikyuu Ships - Statistics

General Stats
  • This quiz has been taken 182 times
  • The average score is 11 of 20
Answer Stats
Rank Number of Ships Ship % Correct
#2 19,613 Kagehina
99%
#1 20,999 Iwaoi
86%
#6 10,479 Daisuga
85%
#3 17,647 Bokuaka
84%
#5 11,378 Kuroken
83%
#7 9,815 Tsukiyama
82%
#9 4,969 Asanoya
74%
#4 13,178 Sakuatsu
72%
#13 3,234 Ushiten
62%
#10 4,251 Sunaosa
53%
#16 2,766 Kenhina
45%
#15 3,042 Atsuhina
39%
#12 3,334 Oikage
38%
#11 3,887 Matsuhana
32%
#14 3,220 Bokuro
26%
#8 6,738 Kurotsuki
26%
#20 2,039 Ushioi
26%
#19 2,149 Oisuga
23%
#17 2,288 Kurodai
13%
#18 2,223 Kyouhaba
11%
No matching quizzes found
Score Distribution
Percent of People with Each Score
Percentile by Number Answered
Your Score History
You have not taken this quiz